Flat manifolds
Guardat en:
| Autors principals: | , |
|---|---|
| Format: | Llibre |
| Idioma: | anglès |
| Publicat: |
Berlín
Springer-Verlag
1968
|
| Col·lecció: | Lecture Notes in Mathematics, 67
|
| Matèries: | |
| Etiquetes: |
Afegir etiqueta
Sense etiquetes, Sigues el primer a etiquetar aquest registre!
|
MARC
| LEADER | 00000nam a2200000 a 4500 | ||
|---|---|---|---|
| 001 | UCQ9963 | ||
| 003 | CL-VaPUC | ||
| 008 | 990128e19680000GW |||||||||||||||||eng|d | ||
| 082 | 0 | 4 | |a 516.07 |b KAM |2 21 |
| 100 | 0 | |a Kamber, Franz |e author |9 424674 | |
| 700 | 0 | |a Tondeur, Philippe |e author |9 424675 | |
| 245 | 1 | 0 | |a Flat manifolds |
| 300 | |a 53 p | ||
| 942 | |c BK | ||
| 945 | |d 19990128 00:00:00 |a crobeson | ||
| 260 | |a Berlín |b Springer-Verlag |c 1968 | ||
| 650 | 7 | |a MULTIFORMES |2 CL-VaPUC |9 424011 | |
| 650 | 7 | |a MULTIFORMES PLANOS |2 CL-VaPUC |9 424676 | |
| 583 | |a last modification |c 19990128 00:00:00 |k Rodrigo Vera | ||
| 490 | 0 | |a Lecture Notes in Mathematics, 67 | |
| 999 | |c 278852 |d 278850 | ||
| 952 | |0 0 |1 0 |4 0 |6 516_070000000000000_KAM_1968 |7 0 |8 A |9 317646 |a BIBMAT |b BIBMAT |d 2019-11-20 |i 1319728 |o 516.07 KAM 1968 |p 1319728 |r 2025-01-07 |w 2019-11-20 |y BK |k MAT | ||